Responses for Show #4742 - Tuesday, March 29, 2005

2005 Ultimate Tournament of Champions Round 1, game 35.

Contestants

[<< previous game]

Kyle Hale, a college senior from Katy, Texas

Pat Healy, an index supervisor from Vallejo, California

Bernie Cullen, a biologist from Santa Barbara, California

[next game >>]

Jeopardy! Round responses

THE PRESIDENT WHO SAID...
U.S. CAPITALS OF THE WORLD
TOYS AND GAMES
PILOTS
I'M ON CLOUD "NINE"
MIXED DOG BREEDS
(Alex: Give us the dog name we have anagrammed for you.)
    $200 22
(Kyle: Uh, who is Teddy Roosevelt?)

Lincoln

Kyle
Triple Stumper
    $200 1
garlic

Bernie
    $200 11
Clue

Pat
    $200 24
Lindbergh

Pat
    $200 6
Nine Months

Bernie
    $200 17
beagle

Kyle
    $400 23
(Pat: Who is Andrew Johnson?)

Lyndon Johnson

BerniePat
    $400 2
Spam

Pat
    $400 12
Kewpie

Bernie
    $400 25
Orville Wright

Pat
    $400 7
"9 To 5"

Kyle
    $400 18
dachshund

Kyle
    $1,400 28
(Pat: Um, I'm gonna have to guess... Who is FDR?)

John F. Kennedy

Pat
    $600 3
bourbon

Pat
    $600 14
Play-Doh

Kyle
    $600 13
Francis Gary Powers

Pat
    $600 8
The Whole Nine Yards

Kyle
    $600 19
Pekingese

Kyle
    $800 29
Gerald Ford

Kyle
    $800 4
Omaha

Kyle
    $800 15
Nerf

Kyle
    $800 26
"Wrong Way" Corrigan

Pat
    $800 9
Seven of Nine

Pat
    $800 20
Rottweiler

Pat
    $1000 30
Wilson

Bernie
    $1000 5
Norman

Kyle
    $1000 16
the View-Master

Pat
    $1000 27
Scott O'Grady

Triple Stumper
    $1000 10
Nine Stories

Pat
    $1000 21
Pomeranian

Kyle

Scores at the first commercial break (after clue 15):

Bernie Pat Kyle
$800 $3,600 $4,200

Scores at the end of the Jeopardy! Round:

Bernie Pat Kyle
$2,200 $5,000 $7,000

Double Jeopardy! Round responses

FOUND IN SPACE
CANADIAN IDOL
"MISSION" POSSIBLE
WILL & DISGRACE
THAT'S CREDIBLE!
WISCONSIN 3-0
    $400 14
the North Star

Pat
    $400 1
Celine Dion

Pat
    $400 6
intermission

Pat
    $400 11
Claudius

Pat
    $400 15
Nevada

Triple Stumper
    $400 18
badger

Kyle
    $800 25
comets

Kyle
    $800 2
John Candy

Kyle
    $800 7
Mission Control

Kyle
    $800 9
Tybalt

Kyle
    $800 16
(Pat: What is the Washington Monument?)
(Kyle: What is the Statue of Liberty?)

the Eiffel Tower

BerniePatKyle
    $800 19
Green Bay

Kyle
    $1200 26
(Kyle: What is Uranus?)
(Pat: Who is Hubble?)
...
(Alex: We were looking for the first letter of the last name, and it's [*]. The "H" for [*].)

Herschel

PatKyle
Triple Stumper
    $1200 3
Winnipeg

Bernie
    $1200 8
a mission statement

Bernie
    $2,000 10
Titus Andronicus

Kyle
    $1200 17
Maya Lin

Bernie
    $1200 20
Lake Winnebago

Bernie
    $1600 27
(Bernie: Uh, what are shooting stars?) [Originally ruled incorrect; reversed before Final]

meteor showers

Bernie
    $1600 4
Donald Sutherland

Pat
    $1600 12
Mission Viejo

Pat
    $1600 29
Gloucester

Bernie
    $1600 23
a uvula

Kyle
    $4,000 21
(Alex: [*], Ehrich Weiss, yes.)

(Harry) Houdini

Bernie
    $2000 28
a supernova

Kyle
    $2000 5
Mike Bossy

Triple Stumper
    $2000 13
Missionary Ridge

Bernie
    $2000 30
Coriolanus

Triple Stumper
    $2000 24
David Mamet

Bernie
    $2000 22
Black Hawk

Kyle

Scores at the end of the Double Jeopardy! Round:

Bernie Pat Kyle
$19,000 $7,800 $17,000

[wagering suggestions for these scores]

Final Jeopardy! Round responses

HISTORICAL PLAYS
(Alex: "If I dress as a woman, they think of me as a woman. If I dress like a soldier, they think of me as a soldier.")
(Pat: I had the right author.)
(Alex: You had the right author, yes.)
PatWhat is Major Barbara?
$0
KyleWhat is The Iceman Cometh
$2,001
BernieWhat is Some Like It Hot
$15,034
Saint Joan

Final scores:

Bernie Pat Kyle
$3,966 $7,800 $14,999
3rd place: $5,000 2nd place: $5,000 Winner: $15,000 + an advance to UToC Round 2

Game dynamics:

Coryat scores:

Bernie Pat Kyle
$16,600 $9,200 $16,200
15 R
(including 1 DD),
0 W
17 R,
4 W
(including 1 DD)
21 R
(including 1 DD),
3 W

Combined Coryat: $42,000

[game clues] [game scores] [suggest correction]

Game tape date: 2005-03-01
The J! Archive is created by fans, for fans. Scraping, republication, monetization, and malicious use prohibited; this site may use cookies and collect identifying information. See terms. The Jeopardy! game show and all elements thereof, including but not limited to copyright and trademark thereto, are the property of Jeopardy Productions, Inc. and are protected under law. This website is not affiliated with, sponsored by, or operated by Jeopardy Productions, Inc. Join the discussion at JBoard.tv.